zpět

Detail výsledku týmu

Židovna, Vysoký Chlumec

Datum a čas kvízu

23 Celkem bodů Celkový počet nahraných bodů na tomto kvízu bez doplňovacích otázek.
2. Pořadí na kvízu Konečné umístění týmu na tomto kvízu.

Zaznamenané odpovědi

# Otázka Odpověď Body Výsledky
1. Sociální demokraté si na svém... Ondřej Veselý, Michal Šmarda, Jana Maláčová, Tomáš Petříček, Roman Onderka 0
2. Jak se nazývá země, která v re... Pákistán 0
3. V minulých dnech bylo oznámeno... Marek Ztracený 1
4. Irský oděvní řetězec, populárn... Primark 1
5. Norský biatlonista Johannes Th... na střelnici vystřelil méněkrát, než je povoleno 0
6. Karlovy Vary, Kutná Hora, Klad... Klatovy 1
7. Oganesson, xenon, radon, argon... neon 1
8. Schillerová, Babiš, Kalousek,... Jan Fischer 0
9. Bohdalová, Kubišová, Rettigová... Milada Horáková 1
10. Komedie omylů, Zkrocení zlé že... Veselé paničky windsorské 0